000 006950000a22002410004500
650 _aLibrary science
650 _aInformation sciences
650 _aIn-service training
650 _aTraining courses
650 _aBasic training
650 _aEducation
651 _aNepal
082 _a020.7155
_bN351r
_cCS
518 _a980421
530 _aM
110 _aThe Nepal Library Association
245 _aReport on the certificate training course in the basic Library and information science level-3 Jun 8th. 1997 to 11th. July, 1997
260 _aKathmandu
_bNepal Library Association 'NLA', Nepal
260 _c1997
041 _aEng
300 _a11p.
_billus
942 _cGEN
999 _c13876
_d13876